El animador: buenas prácticas de acción sociocultural
Gardado en:
| Main Authors: | , |
|---|---|
| Formato: | Libro |
| Idioma: | Lingua castelá |
| Publicado: |
Madrid
Narcea
2005
|
| Edición: | 1a. ed |
| Series: | Colección Sociocultural
|
| Subjects: | |
| Tags: |
Engadir etiqueta
Sen Etiquetas, Sexa o primeiro en etiquetar este rexistro!
|
MARC
| LEADER | 00000nam a2200000 a 4500 | ||
|---|---|---|---|
| 001 | UCJ9432 | ||
| 003 | CL-VaPUC | ||
| 008 | 070316e20050000SP |||||||||||||||||spa|d | ||
| 020 | |a 8427715110 | ||
| 082 | 0 | 4 | |a 302.3 |b PER |2 21 |
| 100 | 0 | |a Pérez Serrano, Gloria |e author |9 519445 | |
| 700 | 0 | |a Pérez de Guzmán Puya, María Victoria |e author |9 519446 | |
| 245 | 1 | 3 | |a El animador: buenas prácticas de acción sociocultural |
| 250 | |a 1a. ed | ||
| 300 | |a 179 p | ||
| 942 | |c BK | ||
| 945 | |d 20070316 00:00:00 |a lvergara | ||
| 260 | |a Madrid |b Narcea |c 2005 | ||
| 650 | 0 | |a Animación cultural |9 310162 | |
| 650 | 0 | |a Animadores |9 324448 | |
| 650 | 0 | |a Dinámica de grupos |9 259862 | |
| 583 | |a last modification |c 20070316 00:00:00 |k Rodrigo Vera | ||
| 490 | 0 | |a Colección Sociocultural | |
| 999 | |c 324957 |d 324955 | ||
| 952 | |0 0 |1 0 |4 0 |6 302_300000000000000_PER_2005 |7 0 |8 A |9 405369 |a BIBEDU |b BIBEDU |d 2019-11-22 |i 4323785 |o 302.3 PER 2005 |p 4323785 |r 2019-11-22 |w 2019-11-22 |y BK |k EFI | ||